[Event "Hamburg-ch MB"]
[Site "Hamburg"]
[Date "2013.05.25"]
[Round "8"]
[White "Wilms, Robert"]
[Black "Weidmann, Kevin"]
[Result "1-0"]
[WhiteElo "1936"]
[BlackElo "1740"]
[PlyCount "55"]
[EventDate "2013.05.18"]
[EventType "swiss"]
[EventRounds "9"]
[EventCountry "GER"]
[SourceTitle "EXT 2022"]
[Source "ChessBase"]
[SourceDate "2021.10.06"]
[SourceVersion "1"]
[SourceVersionDate "2021.10.06"]
[SourceQuality "1"]

1. e4 c5 2. Nf3 Nc6 3. d4 cxd4 4. Nxd4 e5 5. Nf3 Nf6 6. Nc3 Bb4 7. Bd3 d5 8. exd5 Nxd5 9. 0-0 Nxc3 10. bxc3 Bxc3 11. Rb1 0-0 12. Ng5 g6 13. Ne4 Bb4 14. Bh6 Re8 15. Rxb4 Nxb4 16. Bg5 Qd4 17. Nf6+ Kf8 18. Nxe8 Kxe8 19. Bb5+ Nc6 20. Qf3 Qc5 21. Qf6 Bd7 22. Bxc6 bxc6 23. Qh8+ Qf8 24. Qxe5+ Be6 25. Rd1 Rc8 26. Rd6 Qg8 27. Qf6 Kf8 28. Rd8+ 1-0

[Event "Bad Woerishofen op 28th"]
[Site "Bad Woerishofen"]
[Date "2012.03.07"]
[Round "6"]
[White "Wilms, Robert"]
[Black "Tichacek, Alois"]
[Result "1-0"]
[WhiteElo "1909"]
[BlackElo "1773"]
[PlyCount "63"]
[EventDate "2012.03.02"]
[EventType "swiss"]
[EventRounds "9"]
[EventCountry "GER"]
[SourceTitle "EXT 2019"]
[Source "ChessBase"]
[SourceDate "2018.10.10"]
[SourceVersion "1"]
[SourceVersionDate "2018.10.10"]
[SourceQuality "1"]

1. e4 c5 2. Nf3 Nc6 3. d4 cxd4 4. Nxd4 e5 5. Nf3 Nf6 6. Nc3 Qa5 7. Bd2 Bb4 8. a3 Bxc3 9. Bxc3 Qc7 10. Bd3 d6 11. Qe2 Bg4 12. h3 Bh5 13. g4 Bg6 14. Nh4 0-0 15. Nxg6 fxg6 16. 0-0-0 Rad8 17. Kb1 a5 18. h4 b5 19. f3 d5 20. h5 gxh5 21. g5 dxe4 22. fxe4 Ne8 23. Rxh5 g6 24. Rh2 Ng7 25. Rdh1 Nh5 26. Qe3 Rf4 27. Qc5 Rd7 28. a4 Ng3 29. Re1 b4 30. Bc4+ Kh8 31. Bd5 Ne7 32. Qxc7 1-0

[Event "Bad Woerishofen op 28th"]
[Site "Bad Woerishofen"]
[Date "2012.03.06"]
[Round "5"]
[White "Stoll, Katja"]
[Black "Wilms, Robert"]
[Result "1/2-1/2"]
[WhiteElo "1633"]
[BlackElo "1909"]
[PlyCount "59"]
[EventDate "2012.03.02"]
[EventType "swiss"]
[EventRounds "9"]
[EventCountry "GER"]
[SourceTitle "EXT 2019"]
[Source "ChessBase"]
[SourceDate "2018.10.10"]
[SourceVersion "1"]
[SourceVersionDate "2018.10.10"]
[SourceQuality "1"]

1. e4 e6 2. d4 d5 3. exd5 exd5 4. Bd3 Nf6 5. Nf3 Bd6 6. 0-0 0-0 7. Bg5 Bg4 8. h3 Bh5 9. Nbd2 Nbd7 10. c3 c6 11. Qc2 Bg6 12. Rfe1 Qc7 13. Bxg6 hxg6 14. Re2 Rfe8 15. Rae1 Rxe2 16. Rxe2 Re8 17. Rxe8+ Nxe8 18. Nb3 Nef6 19. Nfd2 Bf4 20. Bxf4 Qxf4 21. Qd3 Qc7 22. Qe2 Kf8 23. Nc1 Nh5 24. Nd3 Nf4 25. Nxf4 Qxf4 26. Qe3 Qd6 27. Nf3 f6 28. Nh4 Kf7 29. Qg3 Qxg3 30. fxg3 1/2-1/2

[Event "Dortmund op-B"]
[Site "Dortmund"]
[Date "2009.07.07"]
[Round "4"]
[White "Huckebrink, Chris"]
[Black "Wilms, Robert"]
[Result "0-1"]
[WhiteElo "1537"]
[BlackElo "1891"]
[PlyCount "86"]
[EventDate "2009.07.04"]
[EventType "swiss"]
[EventRounds "9"]
[EventCountry "GER"]
[SourceTitle "EXT 2012"]
[Source "ChessBase"]
[SourceDate "2011.11.24"]
[SourceVersion "1"]
[SourceVersionDate "2011.11.24"]
[SourceQuality "1"]

1. d4 d5 2. Nf3 Nf6 3. Bf4 c6 4. Nbd2 e6 5. e3 Be7 6. Bd3 Nbd7 7. c3 h6 8. 0-0 Nh5 9. h3 Nxf4 10. exf4 Qc7 11. Ne5 Nxe5 12. fxe5 Bd7 13. b4 a6 14. f4 a5 15. a3 a4 16. Bc2 b5 17. Qh5 g6 18. Qg4 0-0-0 19. Rf2 Rdg8 20. Kh2 f5 21. Qe2 g5 22. g3 h5 23. Rg2 Be8 24. Qf2 Bd8 25. Rag1 Qg7 26. h4 g4 27. Rh1 Qa7 28. Kg1 Rg7 29. Qe3 Bb6 30. Qf2 Rc7 31. Qe3 c5 32. dxc5 Rxc5 33. Kf1 Rc7 34. Qd3 Bd7 35. Rhh2 Kb8 36. Bd1 Rhc8 37. Nb1 d4 38. cxd4 Bc6 39. Re2 Bd5 40. Bc2 Bc4 41. Qd1 Bxd4 42. Ke1 Bxe2 43. Rxe2 Qb6 0-1

[Event "Dortmund op-B"]
[Site "Dortmund"]
[Date "2009.07.06"]
[Round "3"]
[White "Wilms, Robert"]
[Black "Wegner, Peter"]
[Result "1-0"]
[WhiteElo "1891"]
[BlackElo "1417"]
[PlyCount "37"]
[EventDate "2009.07.04"]
[EventType "swiss"]
[EventRounds "9"]
[EventCountry "GER"]
[SourceTitle "EXT 2012"]
[Source "ChessBase"]
[SourceDate "2011.11.24"]
[SourceVersion "1"]
[SourceVersionDate "2011.11.24"]
[SourceQuality "1"]

1. e4 d5 2. exd5 Nf6 3. d4 Nxd5 4. c4 Nf6 5. Nc3 g6 6. Be2 Bg7 7. Be3 Bf5 8. g4 Bc8 9. g5 Nfd7 10. Qd2 Nb6 11. 0-0-0 c6 12. h4 Bf5 13. f3 e6 14. Ne4 Qe7 15. c5 Nd5 16. Nd6+ Kf8 17. Bc4 b5 18. Bxd5 exd5 19. Bf4 1-0

[Event "Dortmund op-B"]
[Site "Dortmund"]
[Date "2009.07.05"]
[Round "2"]
[White "Huebben, Dominik"]
[Black "Wilms, Robert"]
[Result "1/2-1/2"]
[WhiteElo "1383"]
[BlackElo "1891"]
[PlyCount "44"]
[EventDate "2009.07.04"]
[EventType "swiss"]
[EventRounds "9"]
[EventCountry "GER"]
[SourceTitle "EXT 2012"]
[Source "ChessBase"]
[SourceDate "2011.11.24"]
[SourceVersion "1"]
[SourceVersionDate "2011.11.24"]
[SourceQuality "1"]

1. e4 e6 2. d4 d5 3. Nd2 Nf6 4. e5 Nfd7 5. f4 c5 6. c3 Nc6 7. Ndf3 Be7 8. Ne2 b6 9. g3 Bb7 10. Bh3 Qc7 11. f5 Nf8 12. 0-0 0-0-0 13. Ng5 Bxg5 14. Bxg5 Re8 15. f6 g6 16. Nf4 Kb8 17. Ng2 h6 18. Be3 Nd7 19. Ne1 g5 20. b3 Nd8 21. Bg2 Reg8 22. Qd2 Ba6 1/2-1/2

[Event "Harburg-chE 5th"]
[Site "Hamburg"]
[Date "2007.07.08"]
[Round "4"]
[White "Gramenz, Jens"]
[Black "Wilms, Robert"]
[Result "1/2-1/2"]
[WhiteElo "1877"]
[BlackElo "1808"]
[PlyCount "58"]
[EventDate "2007.07.06"]
[EventType "tourn"]
[EventRounds "5"]
[EventCountry "GER"]
[SourceTitle "EXT 2008"]
[Source "ChessBase"]
[SourceDate "2007.11.25"]
[SourceVersion "1"]
[SourceVersionDate "2007.11.25"]
[SourceQuality "1"]

1. e4 e6 2. d4 d5 3. Nc3 Bb4 4. e5 c5 5. Bd2 Bxc3 6. bxc3 Ne7 7. Nf3 c4 8. g3 h6 9. Bh3 Nd7 10. 0-0 Nf8 11. Nh4 Bd7 12. Rb1 Qc7 13. Bc1 g5 14. Ng2 Nfg6 15. f4 0-0-0 16. Ba3 Rdg8 17. fxg5 Be8 18. Qc1 hxg5 19. Bg4 Nc6 20. Ne3 Qd7 21. Bd6 Nge7 22. Qa3 Rg7 23. Qc5 Rgh7 24. Rf2 b6 25. Qb5 Qb7 26. Qb2 Bd7 27. a4 Ng8 28. Be2 Nh6 29. Ng4 Nxg4 1/2-1/2